Bankopoistenie ako súčasť produktového portfólia komerčných bánk na Slovensku a v ČR
Bankopoistenie - pojem. Kľúčové faktory úspešnosti bankopoistenia, perspektívy a prekážky jeho ďašieho vývoja v SR a v ČR.
Gespeichert in:
| 1. Verfasser: | |
|---|---|
| Format: | Buchkapitel |
| Sprache: | Slowakisch |
| Schlagworte: | |
| Tags: |
Keine Tags, Fügen Sie das erste Tag hinzu!
|
MARC
| LEADER | 00000nla$a2200000$$$4500 | ||
|---|---|---|---|
| 001 | 0130158 | ||
| 005 | 20240502072505.5 | ||
| 041 | 0 | |a slo | |
| 044 | |a SK | ||
| 245 | 1 | 0 | |a Bankopoistenie ako súčasť produktového portfólia komerčných bánk na Slovensku a v ČR |c Erika Mária Jamborová |
| 520 | |a Bankopoistenie - pojem. Kľúčové faktory úspešnosti bankopoistenia, perspektívy a prekážky jeho ďašieho vývoja v SR a v ČR. | ||
| 610 | 2 | 0 | |a služby finančné |
| 610 | 2 | 0 | |a bankopoisťovne |
| 610 | 2 | 0 | |a Slovensko |
| 610 | 2 | 0 | |a Česko |
| 100 | 1 | |a Jamborová, Erika Mária | |